[Event "Tourn. n7870"]
[Site "www.chess-mail.com"]
[Date "2014.12.31"]
[Round "1"]
[White "Ingauno64"]
[Black "Fanny33"]
[WhiteElo "2510"]
[BlackElo "2670"]
[Result "1/2-1/2"]
[Round "1"]
1.Ng1f3 f5
2.d3 d6
3.e4 e5
4.Nb1c3 Nb8c6
5.exf5 Bc8xf5
6.d4 Nc6xd4
7.Nf3xd4 exd4
8.Qd1xd4 c6
9.Bc1f4 Bf5xc2
10.Nc3b5 Ng8f6
11.Bf4xd6 Bf8xd6
12.Nb5xd6 Kf8
13.Qd4c5 Qd8e7
14.Bf1e2 Bc2d3
15.O-O-O Bd3xe2
16.Rh1e1 b6
17.Qc5a3 Be2xd1
18.Re1xe7 Kxe7
19.Nd6c4 Kf7
20.Kxd1 Rh8d8
21.Kc2 Kg8
22.Nc4e5 { draw }
1/2-1/2

[Event "Tourn. n7933"]
[Site "www.chess-mail.com"]
[Date "2014.12.31"]
[Round "1"]
[White "Krasin"]
[Black "Syd"]
[WhiteElo "2170"]
[BlackElo "2230"]
[Result "0-1"]
[Round "1"]
1.e4 c5
2.d4 cxd4
3.c3 dxc3
4.Nb1xc3 Nb8c6
5.Ng1f3 a6
6.Bf1c4 e6
7.O-O b5
8.Bc4d5 Bc8b7
9.Rf1e1 Bf8e7
10.Bc1f4 Ng8f6
11.e5 Nf6xd5
12.Nc3xd5 exd5
13.Qd1xd5 Nc6a5
14.Qd5d3 Bb7xf3
15.Qd3xf3 O-O
16.Ra1d1 Be7g5
17.Bf4g3 Na5c6
18.Re1e4 Qd8e7
19.h4 Bg5h6
20.Rd1d6 g6
21.h5 Bh6g7
22.Rd6f6 d5
23.Re4e3 Nc6d4
24.Qf3d1 Nd4f5
25.Rf6xf5 gxf5
26.Bg3f4 h6
27.Re3g3 Kh7
28.Qd1d2 Qe7e6
{ resign }
0-1

[Event "Tourn. n7936"]
[Site "www.chess-mail.com"]
[Date "2014.12.31"]
[Round "1"]
[White "Anja"]
[Black "Louis"]
[WhiteElo "1980"]
[BlackElo "1890"]
[Result "0-1"]
[Round "1"]
1.d4 Ng8f6
2.Bc1f4 g6
3.c4 Bf8g7
4.Nb1c3 d5
5.e3 O-O
6.h3 c5
7.Ng1f3 cxd4
8.Nf3xd4 Nf6e4
9.Nc3xd5 e5
10.Bf4h2 exd4
11.exd4 Rf8e8
12.Bf1e2 Bc8e6
13.Nd5c7 Ne4xf2
14.Kxf2 Bg7xd4
15.Ke1 Nb8c6
16.Nc7xe8 Qd8h4
17.g3 Qh4e4
18.Rh1f1 Ra8xe8
19.g4 Be6xc4
{ resign }
0-1

[Event "Tourn. n7827"]
[Site "www.chess-mail.com"]
[Date "2014.12.31"]
[Round "1"]
[White "Falcoale"]
[Black "Julian"]
[WhiteElo "2050"]
[BlackElo "1980"]
[Result "1-0"]
[Round "1"]
1.e4 c5
2.Ng1f3 d6
3.d4 cxd4
4.Nf3xd4 Ng8f6
5.Nb1c3 a6
6.Bc1e3 e5
7.Nd4b3 Bc8e6
8.Bf1d3 Nb8d7
9.Qd1d2 Ra8c8
10.O-O-O b5
11.f4 exf4
12.Be3xf4 Nd7e5
13.Bf4xe5 dxe5
14.Qd2e2 Qd8b6
15.h3 Rc8xc3
16.bxc3 Bf8a3
17.Kb1 O-O
18.g4 Nf6d7
19.g5 Nd7c5
20.h4 Nc5a4
21.Qe2d2 Rf8c8
22.h5 Na4xc3
23.Ka1 a5
24.Rh1h3 a4
25.Nb3c1 Qb6d4
26.Bd3xb5 Nc3xd1
27.Qd2xd4 exd4
28.Rh3xa3 Rc8xc2
29.Nc1d3 Nd1c3
30.Bb5xa4 Rc2d2
31.Nd3b4 h6
32.g6 Nc3xe4
33.Ba4b3 Kf8
34.Bb3xe6 fxe6
35.Nb4c6 Ke8
36.Ra3a8 Kd7
37.Nc6e5 Kc7
38.Ra8a7 Kb8
39.Ra7xg7 Ne4c3
40.Rg7g8 Ka7
41.Ne5c6 Kb6
42.Nc6b4 Rd2d1
43.Kb2 Rd1b1
44.Kc2 Rb1xb4
45.Rg8b8 Kc5
46.Rb8xb4 Kxb4
47.g7 Nc3xa2
48.g8Q Na2c3
49.Qg8xe6 Nc3b5
50.Qe6xh6 { resign }
1-0

[Event "Tourn. n7894"]
[Site "www.chess-mail.com"]
[Date "2014.12.31"]
[Round "1"]
[White "Amaya"]
[Black "Anja"]
[WhiteElo "1920"]
[BlackElo "1930"]
[Result "1/2-1/2"]
[Round "1"]
1.d4 Ng8f6
2.e3 d6
3.Bf1d3 g6
4.f4 Bf8g7
5.Nb1d2 O-O
6.Ng1f3 c5
7.c3 Bc8g4
8.O-O cxd4
9.cxd4 Nb8d7
10.Qd1e1 Rf8e8
11.Qe1g3 Bg4xf3
12.Rf1xf3 Nf6h5
13.Qg3h3 Nd7b6
14.g4 Nh5f6
15.Nd2e4 Nf6xe4
16.Bd3xe4 d5
17.Be4b1 Ra8c8
18.Bc1d2 Nb6c4
19.Bd2c3 h6
20.Bb1d3 b5
21.a3 a5
22.f5 g5
23.Qh3h5 Qd8b6
24.e4 dxe4
25.Bd3xe4 Bg7xd4
26.Kh1 Bd4xc3
27.bxc3 Nc4d2
28.f6 Nd2xf3
29.Qh5xh6 Qb6xf6
30.Be4h7 Kh8
31.Bh7g6 Kg8
32.Bg6h7 { draw }
1/2-1/2

[Event "Tourn. n7970"]
[Site "www.chess-mail.com"]
[Date "2014.12.31"]
[Round "1"]
[White "Bojan"]
[Black "Anja"]
[WhiteElo "1940"]
[BlackElo "1980"]
[Result "1-0"]
[Round "1"]
1.d4 f5
2.c4 e6
3.Ng1h3 Ng8f6
4.a3 Bf8e7
5.Nb1c3 b6
6.f3 Bc8b7
7.e3 O-O
8.Bf1d3 d6
9.Qd1e2 Nb8d7
10.Nh3g5 Qd8c8
11.Ng5xe6 Rf8f7
12.Bd3xf5 Nf6h5
13.Bf5h3 { resign }
1-0

[Event "Tourn. n7854"]
[Site "www.chess-mail.com"]
[Date "2014.12.31"]
[Round "1"]
[White "Cardiff"]
[Black "Anja"]
[WhiteElo "2070"]
[BlackElo "1850"]
[Result "0-1"]
[Round "1"]
1.e4 Ng8f6
2.e5 Nf6d5
3.d4 d6
4.c4 Nd5b6
5.exd6 exd6
6.Nb1c3 Nb8c6
7.d5 Nc6e5
8.b3 Bf8e7
9.Bc1b2 O-O
10.Bf1e2 Bc8f5
11.Ng1f3 Be7f6
12.O-O Nb6d7
13.Rf1e1 Nd7c5
14.Nf3d4 Bf5d3
15.f4 Bd3xe2
16.Re1xe2 Ne5d3
17.Nc3e4 Nd3xb2
18.Ne4xf6 Qd8xf6
19.Re2xb2 Qf6xf4
20.Rb2f2 Qf4e3
21.Qd1d2 Rf8e8
22.Nd4f5 Qe3e5
23.Ra1f1 Nc5e4
24.Qd2e3 Ne4xf2
25.Qe3xf2 Qe5e2
26.Qf2g3 g6
27.h4 Kh8
28.Nf5h6 f5
29.Qg3g5 Qe2e3
30.Qg5xe3 Re8xe3
{ resign }
0-1

[Event "Tourn. n7941"]
[Site "www.chess-mail.com"]
[Date "2014.12.31"]
[Round "1"]
[White "Falcoale"]
[Black "Luban"]
[WhiteElo "2000"]
[BlackElo "2200"]
[Result "0-1"]
[Round "1"]
1.e4 c5
2.Ng1f3 d6
3.d4 cxd4
4.Nf3xd4 Ng8f6
5.Nb1c3 a6
6.Bf1d3 e6
7.Bc1g5 Bf8e7
8.O-O Nf6xe4
9.Bg5xe7 Ne4xc3
10.Be7xd8 Nc3xd1
11.Bd8c7 Nd1xb2
12.Bc7xd6 Nb2xd3
13.cxd3 Bc8d7
14.Rf1e1 Nb8c6
15.Nd4xc6 Bd7xc6
16.d4 O-O-O
17.Bd6c5 Rd8d5
18.Re1e3 Kb8
19.Ra1b1 Rh8d8
20.Re3b3 e5
21.Bc5e7 Rd8d7
22.Be7f8 Rd5xd4
23.h3 f5
24.Rb3b6 Ka8
25.a3 g6
26.Bf8c5 Rd4d5
27.Bc5b4 Rd5d1
28.Rb1xd1 Rd7xd1
29.Kh2 Rd1d5
30.Bb4e7 Rd5d2
31.Be7c5 Rd2c2
32.Bc5d6 Rc2xf2
33.Bd6xe5 Rf2xg2
{ resign }
0-1

[Event "Tourn. n7757"]
[Site "www.chess-mail.com"]
[Date "2014.12.31"]
[Round "1"]
[White "Uliczny2"]
[Black "Georgepapi"]
[WhiteElo "1630"]
[BlackElo "1519"]
[Result "1-0"]
[Round "1"]
1.e4 e5
2.Ng1f3 Nb8c6
3.Bf1b5 a6
4.Bb5xc6 dxc6
5.h3 f6
6.d4 exd4
7.Qd1xd4 Qd8xd4
8.Nf3xd4 Bf8c5
9.Nd4b3 Bc5b6
10.O-O Bc8d7
11.Nb1c3 Ng8e7
12.Rf1e1 O-O-O
13.Bc1e3 Bb6xe3
14.Re1xe3 Rh8e8
15.f3 Bd7e6
16.Re3d3 Be6c4
17.Rd3xd8 Re8xd8
18.Ra1d1 Rd8xd1
19.Nc3xd1 Bc4xb3
20.axb3 Ne7g6
21.Kf2 Kd7
22.Nd1e3 b5
23.Ne3f5 { resign }
1-0

[Event "Match"]
[Site "www.echecsemail.com"]
[Date "2014.12.31"]
[Round "1"]
[White "Goofy"]
[Black "Andersspike"]
[WhiteElo "2180"]
[BlackElo "1809"]
[Result "1-0"]
[Round "1"]
1.e4 e6
2.Nb1c3 d5
3.d4 Bf8b4
4.e5 c5
5.a3 Bb4xc3
6.bxc3 Ng8e7
7.Qd1g4 Qd8c7
8.Qg4xg7 Rh8g8
9.Qg7xh7 cxd4
10.Ng1e2 dxc3
11.f4 Bc8d7
12.Qh7d3 Ne7f5
13.Qd3xc3 Nb8c6
14.Ra1b1 O-O-O
15.Bc1e3 d4
16.Ne2xd4 Nf5xe3
17.Qc3xe3 Nc6xd4
18.Qe3xd4 Bd7b5
19.Qd4b4 Bb5xf1
20.Kxf1 Rd8d7
21.Rb1e1 Qc7xc2
22.Qb4e4 Qc2c5
23.Qe4e3 Qc5b5
24.Qe3e2  { time }
1-0

[Event "Match"]
[Site "www.echecsemail.com"]
[Date "2014.12.31"]
[Round "1"]
[White "Guidom"]
[Black "Caine"]
[WhiteElo "2070"]
[BlackElo "1499"]
[Result "1-0"]
[Round "1"]
1.e4 e5
2.Ng1f3 Ng8f6
3.Nb1c3 Nb8c6
4.Bf1c4 Bf8e7
5.O-O O-O
6.d3 d6
7.Bc1g5 Bc8e6
8.Bc4b3 Nc6a5
9.h3  { time }
1-0

[Event "Match"]
[Site "www.echecsemail.com"]
[Date "2014.12.31"]
[Round "1"]
[White "Emmanuelasi"]
[Black "Cardiff"]
[WhiteElo "2110"]
[BlackElo "2080"]
[Result "1-0"]
[Round "1"]
1.e4 d6
2.d4 Ng8f6
3.Nb1c3 g6
4.h3 Bf8g7
5.Bc1e3 c6
6.Ng1f3 O-O
7.Qd1d2 b5
8.Bf1d3 Bc8b7
9.O-O a6
10.Rf1e1 Qd8c7
11.Be3h6 c5
12.Bh6xg7 Kxg7
13.e5 Nf6d5
14.Nc3e4 c4
15.Bd3f1 dxe5
16.dxe5 Nb8c6
17.Qd2xd5 { resign }
1-0

[Event "Match"]
[Site "www.echecsemail.com"]
[Date "2014.12.31"]
[Round "1"]
[White "Gorski"]
[Black "Genius9"]
[WhiteElo "1449"]
[BlackElo "1220"]
[Result "0-1"]
[Round "1"]
1.d4 f5
2.Bc1f4 Ng8f6
3.Nb1c3 e6
4.Ng1f3 Bf8b4
5.Qd1d2 Nf6e4
6.Qd2d3 O-O
7.e3 b6
8.a3 Bb4xc3
9.bxc3 Bc8b7
10.a4 Bb7a6
 { time }
0-1

[Event "Match"]
[Site "www.echecsemail.com"]
[Date "2014.12.31"]
[Round "1"]
[White "Calponas"]
[Black "Cardiff"]
[WhiteElo "2070"]
[BlackElo "2040"]
[Result "1/2-1/2"]
[Round "1"]
1.d4 d5
2.c4 e6
3.Nb1c3 c5
4.cxd5 exd5
5.dxc5 d4
6.Nc3e4 Bf8xc5
7.Ne4xc5 Qd8a5
8.Bc1d2 Qa5xc5
9.Ra1c1 Qc5f5
10.g4 Qf5e6
11.g5 Nb8c6
12.Qd1a4 Bc8d7
13.Bf1h3 Qe6d6
14.Bh3xd7 Qd6xd7
15.Ng1f3 Ng8e7
16.h4 O-O
17.h5 a6
18.Qa4b3 Rf8e8
19.g6 hxg6
20.hxg6 Ne7xg6
21.Rc1c5 d3
22.e3 Nc6e5
23.Nf3xe5 Re8xe5
24.Rc5c4 Qd7d5
25.Rh1g1 b5
26.Rc4c7 Qd5xb3
27.axb3 Re5e7
28.Rc7xe7 Ng6xe7
29.Bd2c3 Ne7g6
30.Kd2 Ra8d8
31.Bc3d4 Kf8
32.Kxd3 Ng6e5
33.Ke2 Ne5g6
34.Rg1g5 Rd8c8
35.b4 Rc8d8
36.Kf3 Kg8
37.Bd4c3 Kf8
38.Kg4 Rd8c8
{ draw }
1/2-1/2

[Event "Match"]
[Site "www.echecsemail.com"]
[Date "2014.12.31"]
[Round "1"]
[White "Andersspike"]
[Black "Comrade"]
[WhiteElo "2329"]
[BlackElo "2210"]
[Result "0-1"]
[Round "1"]
1.g3 d5
2.Bf1g2 Ng8f6
3.d3 c5
4.Ng1f3 e6
5.O-O Bf8d6
6.c4 h6
7.Nb1c3 O-O
8.e4 Nb8c6
9.cxd5 exd5
10.Nc3xd5 Nf6xd5
11.exd5 Nc6b4
12.Nf3e1 Bd6e7
 { time }
0-1

[Event "Match"]
[Site "www.echecsemail.com"]
[Date "2014.12.31"]
[Round "1"]
[White "Crush"]
[Black "Generalfree"]
[WhiteElo "1710"]
[BlackElo "2070"]
[Result "0-1"]
[Round "1"]
1.e4 e5
2.Ng1f3 Nb8c6
3.Nb1c3 b6
4.Bf1d3 Bc8b7
5.O-O Ng8f6
6.b3 Bf8b4
7.a3 Bb4xc3
8.dxc3 a6
9.Bc1b2 d6
10.c4 a5
11.b4 axb4
12.axb4 Nc6xb4
13.c3 Nb4xd3
14.Qd1xd3 Bb7xe4
15.Qd3e3 Ra8xa1
16.Bb2xa1 Be4xf3
17.Qe3xf3 O-O
18.Qf3f5 g6
19.Qf5g5 Nf6e4
20.Qg5h6 c5
21.Rf1e1 f5
22.g4 Ne4f6
23.g5 Nf6g4
24.Qh6h4 e4
25.h3 Ng4e5
26.Re1e3 f4
27.Re3xe4 Ne5f3
28.Kg2 Nf3xh4
29.Kh2 Qd8xg5
{ resign }
0-1

[Event "Match"]
[Site "www.echecsemail.com"]
[Date "2014.12.31"]
[Round "1"]
[White "Andersspike"]
[Black "Sontuozio"]
[WhiteElo "2209"]
[BlackElo "2190"]
[Result "0-1"]
[Round "1"]
1.d3 d5
2.Ng1f3 Ng8f6
3.g3 e6
4.Bf1g2 Bf8d6
5.O-O O-O
6.Nb1c3 c6
7.e4 Nb8d7
8.Rf1e1 e5
9.exd5 cxd5
10.a4 Rf8e8
11.Nf3d2 Qd8a5
12.Nd2b3 Qa5c7
13.Nc3b5 Qc7b6
14.c4 a6
15.Bc1e3 d4
 { time }
0-1

[Event "Match"]
[Site "www.echecsemail.com"]
[Date "2014.12.31"]
[Round "1"]
[White "Llord"]
[Black "Generalfree"]
[WhiteElo "1760"]
[BlackElo "1810"]
[Result "1-0"]
[Round "1"]
1.e4 e5
2.Ng1f3 Nb8c6
3.Nb1c3 a6
4.d3 h6
5.Bf1e2 g5
6.h3 f6
7.O-O b5
8.a3 Bc8b7
9.Bc1e3 Nc6a7
10.Nf3d2 c5
11.Nd2b3 d6
12.Nb3d2 Ng8e7
13.Be2f3 Ne7g6
14.Bf3h5 Rh8g8
15.Nd2f3 Qd8e7
16.Nf3h2 Bb7c6
17.Nh2g4 O-O-O
18.b4 Kb7
19.bxc5 dxc5
20.a4 b4
21.Nc3d5 Bc6xd5
22.exd5 Rd8xd5
23.Qd1f3 Kc6
24.Ng4xf6 e4
25.dxe4 { resign }
1-0

[Event "Match"]
[Site "www.echecsemail.com"]
[Date "2014.12.31"]
[Round "1"]
[White "Ditto"]
[Black "Anja"]
[WhiteElo "1860"]
[BlackElo "999"]
[Result "0-1"]
[Round "1"]
1.d4 Ng8f6
2.c4 c5
3.Ng1f3 cxd4
4.Qd1xd4 Nb8c6
5.Qd4d1 g6
6.Bc1g5 Bf8g7
7.e3 Nf6e4
8.Bg5f4 Bg7xb2
9.Nb1d2 Ne4xd2
10.Nf3xd2 Bb2xa1
11.Qd1xa1 O-O
12.Bf1d3 f6
13.O-O e5
14.Bf4g3 d5
15.f4 dxc4
16.Bd3xc4 Kg7
17.Nd2e4 Qd8e7
18.a3 exf4
19.Rf1xf4 Bc8e6
20.Bc4b5 Be6d5
21.Ne4g5 Qe7xe3
22.Kh1 Nc6e5
23.Ng5h3 Qe3d2
24.Rf4f2 Qd2a5
25.a4 Ra8c8
26.Bg3xe5 fxe5
27.Qa1xe5 Kh6
28.Qe5e3 Kg7
29.Qe3e5 Kh6
30.Rf2xf8 Rc8xf8
31.Qe5g5 Kg7
32.Qg5xd5 a6
33.Qd5e5 Rf8f6
34.Qe5e7 Rf6f7
35.Qe7e5 Kg8
36.Qe5e8 Kg7
37.Qe8e5 Kg8
38.Qe5e8 Kg7
39.Nh3g5 Qa5c7
40.Qe8xf7 Qc7xf7
41.Ng5xf7 axb5
42.Nf7d6 bxa4
43.Nd6c4 b5
44.Nc4e3 b4
45.Ne3c2 b3
46.Nc2a3 Kf6
47.Kg1 Ke5
48.Kf2 Kd4
 { time }
0-1

[Event "Match"]
[Site "www.echecsemail.com"]
[Date "2014.12.31"]
[Round "1"]
[White "Woadman62"]
[Black "Micheles"]
[WhiteElo "2560"]
[BlackElo "2550"]
[Result "1/2-1/2"]
[Round "1"]
1.Ng1f3 Ng8f6
2.g3 g6
3.Bf1g2 Bf8g7
4.O-O O-O
5.d3 d6
6.c4 e5
7.Nb1c3 Nb8c6
8.Ra1b1 a5
9.a3 h6
10.Qd1c2 Bc8e6
11.e3 d5
12.cxd5 Nf6xd5
13.Rf1e1 Qd8d7
14.Nc3e4 b6
15.b3 f5
16.Ne4d2 { draw }
1/2-1/2

[Event "Match"]
[Site "www.echecsemail.com"]
[Date "2014.12.31"]
[Round "1"]
[White "Darknight"]
[Black "Mdesouza"]
[WhiteElo "1800"]
[BlackElo "1970"]
[Result "0-1"]
[Round "1"]
1.e4 c5
2.Bf1c4 d6
3.a3 g6
4.d3 Bf8g7
5.c3 Nb8c6
6.Bc4b5 Ng8f6
7.h3 O-O
8.Bb5c4 e6
9.Bc1g5 d5
10.exd5 exd5
11.Bc4a2 Rf8e8
12.Ng1e2 Qd8e7
13.Bg5xf6 Bg7xf6
14.Ba2xd5 Bc8e6
15.Bd5xe6 Qe7xe6
16.Nb1d2 Ra8d8
17.Nd2e4 Bf6e7
18.Qd1d2 c4
19.Ne2f4 Qe6e5
20.O-O-O Nc6a5
21.Kb1 cxd3
22.f3 Na5c4
23.Qd2c1 d2
24.Ne4xd2 Qe5xf4
25.Nd2xc4 Qf4xc4
26.Rd1g1 Be7xa3
27.bxa3 Re8e2
28.Qc1b2 Re2xb2
29.Kxb2 Rd8d2
30.Kc1 Qc4xc3
{ resign }
0-1

[Event "1/64 Finale"]
[Site "www.chess-mail.com"]
[Date "2014.12.31"]
[Round "1"]
[White "Derfel83"]
[Black "Gyu"]
[WhiteElo "1990"]
[BlackElo "1559"]
[Result "1-0"]
[Round "1"]
1.e4 e5
2.Ng1f3 Nb8c6
3.Bf1c4 Bf8c5
4.d3 Qd8f6
5.Bc1g5 Qf6g6
6.Qd1d2 Ng8f6
7.Qd2c3 d6
8.Qc3d2 O-O
9.O-O h6
10.Nf3h4 Qg6xg5
11.Qd2xg5 hxg5
12.Nh4f5 Bc8d7
13.Nb1d2 g6
14.Nf5h6 Kg7
15.Nh6xf7 Ra8e8
16.Kh1 a6
17.Nf7xg5 Nc6d4
18.c3 Nd4c6
19.b4  { time }
1-0

[Event "Eq:Slap Shot Mates-Clubul Central de Sah : "]
[Site "www.chess-mail.com"]
[Date "2014.12.31"]
[Round "1"]
[White "Hwj"]
[Black "Dorulristea"]
[WhiteElo "2800"]
[BlackElo "2850"]
[Result "1-0"]
[Round "1"]
1.e4 c5
2.Ng1f3 d6
3.d4 cxd4
4.Nf3xd4 Ng8f6
5.Nb1c3 a6
6.h3 e5
7.Nd4f3 Qd8c7
8.Nf3h2 Bc8e6
9.Nh2g4 Nb8d7
10.Bf1e2 Bf8e7
11.Ng4e3 O-O
12.O-O Ra8c8
13.a4 Qc7c6
14.Be2f3 Nd7c5
15.Nc3d5 Be7d8
16.c4 a5
17.Qd1c2 Qc6a6
18.Nd5xf6 Bd8xf6
19.b3 Bf6g5
20.Rf1d1 Qa6b6
21.Ne3f5 Be6xf5
22.Bc1xg5 Bf5e6
23.Ra1b1 Rf8e8
24.Bg5e3 Qb6c7
25.Bf3g4 b6
26.Bg4f5 Rc8d8
27.Qc2d2 Nc5a6
28.Qd2e2 Be6xf5
29.exf5 Na6b4
30.f6 g6
31.Qe2g4 d5
32.Qg4h4 Kh8
33.Be3g5 Qc7c6
34.Qh4h6 Re8g8
35.Rd1d2 Qc6c5
36.Rb1d1 d4
37.Rd2e2 Qc5f8
38.Qh6h4 Qf8d6
39.Qh4h6 Qd6f8
40.Qh6h4 Qf8d6
41.Re2e4 Rg8e8
42.f4 Qd6c5
43.fxe5 d3
44.Kh1 h5
45.Bg5h6 { resign }
1-0

[Event "Eq:CONFOEDERATIONIS HELVETICAE-Slap Shot Mates : "]
[Site "www.chess-mail.com"]
[Date "2014.12.31"]
[Round "1"]
[White "Bigrezi"]
[Black "Geodad5"]
[WhiteElo "1900"]
[BlackElo "2060"]
[Result "0-1"]
[Round "1"]
1.e4 c5
2.Bf1c4 Nb8c6
3.a3 Ng8f6
4.Nb1c3 g6
5.Ng1f3 d6
6.d4 cxd4
7.Nf3xd4 Bf8g7
8.O-O O-O
9.f3 Bc8d7
10.Bc1e3 Ra8c8
11.Bc4b3 a6
12.Nc3e2 Qd8c7
13.c3 Nc6xd4
14.Ne2xd4 h6
15.Bb3c2 Rf8d8
16.Qd1d2 Kh7
17.Ra1d1 d5
18.exd5 Nf6xd5
19.Be3f2 e5
20.Nd4e2 Nd5f6
21.Rf1e1 Bd7b5
22.Qd2c1 Rd8xd1
23.Bc2xd1 Rc8d8
24.Ne2g3 Nf6d5
25.Ng3e4 Nd5f4
26.Bd1c2 Nf4e2
27.Re1xe2 Bb5xe2
28.Qc1e1 Be2b5
29.h3 f5
30.Ne4g3 Rd8d7
31.Kh2 Qc7d8
32.b4 Rd7d2
33.Bc2b3 Qd8d3
34.Bf2e3 Rd2b2
35.Bb3d1 Rb2b1
36.Be3d2 Bb5a4
37.Qe1e2 Qd3xe2
38.Bd1xe2 Rb1a1
39.c4 Ra1xa3
40.Kg1 Ra3a2
41.Bd2e1 f4
42.Kf1 fxg3
43.Be1xg3 Ra2b2
44.Bg3e1 Ba4c6
45.c5 e4
46.f4 Rb2b1
47.g4 Bg7c3
{ resign }
0-1

[Event "Fast Game"]
[Site "www.echecsemail.com"]
[Date "2014.12.31"]
[Round "1"]
[White "Tenzinnima"]
[Black "Fkarpov"]
[WhiteElo "1800"]
[BlackElo "1830"]
[Result "1-0"]
[Round "1"]
1.d4 Ng8f6
2.c4 e6
3.Bc1g5 Bf8e7
4.Nb1c3 O-O
5.Ng1f3 d5
6.e3 Nb8c6
7.Bf1d3 Bc8d7
8.O-O Nc6b4
9.cxd5 Nb4xd3
10.Qd1xd3 Nf6xd5
11.Bg5xe7 Nd5xe7
12.e4 a6
13.Ra1c1 b5
14.b4 a5
15.a3 a4
16.Rf1d1 c6
17.d5 exd5
18.exd5 Bd7g4
19.dxc6 Ne7xc6
20.Nc3xb5 Qd8xd3
21.Rd1xd3 Bg4xf3
22.Rd3xf3 Nc6e5
23.Rf3c3 Ra8b8
24.Nb5d6 Rf8d8
25.Rc3c8 Rb8xc8
26.Rc1xc8 Rd8xc8
27.Nd6xc8 Ne5c4
28.b5 Kf8
29.b6 Nc4e5
30.b7 Ne5c6
31.Kf1 Ke8
32.Ke2 Kd7
33.Nc8b6 Kc7
34.Nb6xa4 Kxb7
35.Kd2 Nc6e5
36.Na4b2 Ne5g4
37.f3 Ng4xh2
38.Ke1 g5
39.Kf2 f5
40.Kg1 Nh2xf3
41.gxf3 h5
42.Nb2c4 { resign }
1-0

[Event "Tourn. n7989"]
[Site "www.chess-mail.com"]
[Date "2015.01.01"]
[Round "1"]
[White "Bojan"]
[Black "Mitja"]
[WhiteElo "2000"]
[BlackElo "1910"]
[Result "1-0"]
[Round "1"]
1.Ng1f3 d5
2.e3 e6
3.c4 dxc4
4.Bf1xc4 c6
5.a3 Ng8f6
6.h3 Nb8d7
7.d4 Nd7b6
8.Bc4d3 Nb6d5
9.Bc1d2 Bf8e7
10.e4 Nd5b6
11.b4 Bc8d7
12.Nb1c3 h6
13.Nf3e5 Bd7c8
14.b5 Nb6d7
15.Ne5xd7 Bc8xd7
16.a4 cxb5
17.axb5 b6
18.e5 Nf6d5
19.Nc3xd5 Qd8c8
20.Nd5xe7 Kxe7
21.Ra1c1 Qc8b7
22.f3 { resign }
1-0

[Event "Tourn. n7955"]
[Site "www.chess-mail.com"]
[Date "2015.01.01"]
[Round "1"]
[White "Cardiff"]
[Black "Luban"]
[WhiteElo "2050"]
[BlackElo "2180"]
[Result "1/2-1/2"]
[Round "1"]
1.d4 d5
2.Nb1c3 e6
3.e4 dxe4
4.Nc3xe4 Ng8f6
5.Bc1g5 Bf8e7
6.Bg5xf6 Be7xf6
7.Ng1f3 b6
8.c3 O-O
9.Bf1d3 Bc8b7
10.Qd1e2 Nb8d7
11.O-O Ra8b8
12.Rf1e1 c5
13.Ne4xf6 Qd8xf6
14.Bd3e4 Bb7xe4
15.Qe2xe4 Rf8e8
16.dxc5 Nd7xc5
17.Qe4c2 Rb8d8
18.Ra1d1 h6
19.Rd1xd8 Re8xd8
20.Re1d1 Qf6e7
21.h3 Rd8d6
22.Rd1xd6 Qe7xd6
23.Nf3d4 { draw }
1/2-1/2

[Event "Tourn. n7849"]
[Site "www.chess-mail.com"]
[Date "2015.01.01"]
[Round "1"]
[White "Averoes"]
[Black "Gmi42"]
[WhiteElo "2070"]
[BlackElo "2189"]
[Result "1-0"]
[Round "1"]
1.d4 d5
2.c4 e6
3.Ng1f3 Ng8f6
4.g3 dxc4
5.Bf1g2 c5
6.Nb1a3 cxd4
7.Na3xc4 Nb8c6
8.O-O Bf8c5
9.Nf3e5 Nc6xe5
10.Nc4xe5 O-O
11.Qd1c2 Bc5d6
12.Bc1f4  { time }
1-0

[Event "Tourn. n7860"]
[Site "www.chess-mail.com"]
[Date "2015.01.01"]
[Round "1"]
[White "Uliczny2"]
[Black "Jjmcbride"]
[WhiteElo "1700"]
[BlackElo "1680"]
[Result "1-0"]
[Round "1"]
1.e4 e5
2.Ng1f3 Bf8d6
3.d4 f6
4.dxe5 fxe5
5.Nf3xe5 Bd6xe5
6.Qd1h5 g6
7.Qh5xe5 Qd8e7
8.Qe5xh8 Qe7xe4
9.Bc1e3 Qe4e6
10.Bf1d3 d5
11.Qh8xh7 Ng8e7
12.O-O Nb8d7
13.Qh7h8 Nd7f8
14.Qh8c3 c6
15.Nb1d2 Bc8d7
16.Rf1e1 O-O-O
17.Be3xa7 d4
18.Qc3a3 Qe6f6
19.Qa3xe7 Qf6f4
20.Qe7e5 Qf4xe5
21.Re1xe5 Kc7
22.Nd2c4 Rd8a8
23.Ba7b6 Kb8
24.a3 Nf8e6
25.Ra1e1 { resign }
1-0

[Event "Tourn. n7734"]
[Site "www.chess-mail.com"]
[Date "2015.01.01"]
[Round "1"]
[White "Naujzaid"]
[Black "Georgepapi"]
[WhiteElo "1499"]
[BlackElo "1529"]
[Result "1-0"]
[Round "1"]
1.d4 Ng8f6
2.c4 e6
3.Nb1c3 Bf8b4
4.Qd1c2 O-O
5.a3 Bb4xc3
6.Qc2xc3 d5
7.Ng1f3 Nb8d7
8.e3 c5
9.Bf1d3 b6
10.O-O Bc8b7
11.b3 Ra8c8
12.Bc1b2 cxd4
13.Qc3xd4 dxc4
14.Bd3xc4 Bb7xf3
15.gxf3 Nd7c5
16.Qd4h4 Nf6d5
17.Qh4g3 f6
18.Ra1d1 Qd8e7
19.Kh1 Nc5d7
20.Bc4xd5 exd5
21.Rd1xd5 Nd7c5
22.Rf1d1 Rc8d8
23.b4 Nc5a4
24.Bb2a1 Rd8xd5
25.Rd1xd5 Rf8c8
26.Rd5d1 Na4c3
27.Rd1c1 { resign }
1-0

[Event "Tourn. n7902"]
[Site "www.chess-mail.com"]
[Date "2015.01.01"]
[Round "1"]
[White "Derik"]
[Black "A27l"]
[WhiteElo "1470"]
[BlackElo "1420"]
[Result "1-0"]
[Round "1"]
1.e4 e5
2.d3 d6
3.Nb1d2 Ng8f6
4.Ng1f3 Bf8e7
5.g3 O-O
6.Bf1g2 h6
7.O-O Nf6h7
8.Nd2c4 Bc8g4
9.h3 Bg4xf3
10.Qd1xf3 b6
11.b3 c6
{ time. }
1-0

[Event "Tourn. n7950"]
[Site "www.chess-mail.com"]
[Date "2015.01.01"]
[Round "1"]
[White "Cardiff"]
[Black "Krasin"]
[WhiteElo "2070"]
[BlackElo "2220"]
[Result "1-0"]
[Round "1"]
1.Ng1f3 f5
2.g3 Ng8f6
3.b3 Nb8c6
4.Bc1b2 d6
5.d4 g6
6.d5 Nc6e5
7.Nf3xe5 dxe5
8.Bb2xe5 Bf8g7
9.Bf1g2 O-O
10.O-O a5
11.c4 a4
12.Nb1d2 Rf8f7
13.Nd2f3 h6
14.bxa4 Bc8d7
15.a5 Ra8xa5
16.Qd1d2 b6
17.Nf3d4 Nf6e4
18.Bg2xe4 fxe4
19.Be5xg7 Kxg7
20.e3 Ra5a3
21.Qd2b2 { resign }
1-0

[Event "Tourn. n7975"]
[Site "www.chess-mail.com"]
[Date "2015.01.01"]
[Round "1"]
[White "Bojan"]
[Black "Mitja"]
[WhiteElo "1960"]
[BlackElo "1910"]
[Result "1-0"]
[Round "1"]
1.c4 d5
2.cxd5 Qd8xd5
3.Nb1c3 Qd5d8
4.Qd1c2 c6
5.Ng1f3 e6
6.g3 Ng8f6
7.Bf1g2 Bf8e7
8.a3 Nb8d7
9.b4 Qd8c7
10.d3 b5
11.Nf3d4 Bc8b7
12.Bc1b2 a6
13.Nd4b3 Ra8b8
14.Nc3e4 Nf6xe4
15.Bg2xe4 Nd7f6
16.Be4f3 h6
17.Nb3a5 Nf6d5
18.e4 Nd5f6
19.Ra1c1 Rb8c8
20.Qc2e2 Bb7a8
21.O-O Qc7b6
22.Na5b3 O-O
23.Bb2d4 Qb6c7
24.Nb3c5 Qc7d8
25.Qe2e3 Be7xc5
26.Bd4xc5 Rf8e8
27.Kg2 Qd8c7
28.Bc5b6 Qc7e7
29.Bf3e2 Nf6d7
30.Bb6d4 Nd7f6
31.g4 g5
32.f4 Nf6h7
33.Rf1f3 f6
34.Rc1h1 Re8f8
35.Bd4c5 Qe7d7
36.Bc5xf8 Rc8xf8
37.h4 f5
38.fxg5 fxe4
39.Rf3xf8 { resign }
1-0

[Event "Tourn. n7950"]
[Site "www.chess-mail.com"]
[Date "2015.01.01"]
[Round "1"]
[White "Vite"]
[Black "Luban"]
[WhiteElo "2020"]
[BlackElo "2160"]
[Result "1/2-1/2"]
[Round "1"]
1.e4 c5
2.c3 d5
3.exd5 Qd8xd5
4.d4 cxd4
5.Qd1xd4 Qd5xd4
6.cxd4 e6
7.Bf1b5 Bc8d7
8.Bb5xd7 Nb8xd7
9.Ng1f3 h6
10.O-O Ng8f6
11.Nb1c3 a6
12.Nf3e5 Nd7b6
13.Bc1f4 Bf8e7
14.Rf1d1 O-O
15.Ra1c1 Nb6d5
16.Bf4g3 Rf8d8
17.f3 b5
18.a3 Ra8c8
19.Nc3xd5 Nf6xd5
20.h3 f6
21.Ne5d3 Nd5e3
22.Rd1e1 Ne3f5
23.Bg3f2 Nf5xd4
24.Rc1xc8 Rd8xc8
25.Bf2xd4 Rc8d8
26.Re1xe6 Rd8xd4
27.Re6xe7 Rd4xd3
28.Re7a7 Rd3d2
29.b4 Rd2d6
30.Kf2 { draw }
1/2-1/2

[Event "Tourn. n7850"]
[Site "www.chess-mail.com"]
[Date "2015.01.01"]
[Round "1"]
[White "Saidgermany"]
[Black "Maredocla"]
[WhiteElo "2070"]
[BlackElo "2020"]
[Result "0-1"]
[Round "1"]
1.e4 c5
2.Nb1c3 Nb8c6
3.g3 g6
4.Bf1g2 d6
5.d3 Bf8g7
6.f4 Bg7xc3
7.bxc3 Ng8f6
8.Ng1f3 Bc8g4
9.O-O O-O
10.h3 Bg4d7
 { time }
0-1

[Event "Tourn. n7961"]
[Site "www.chess-mail.com"]
[Date "2015.01.01"]
[Round "1"]
[White "Julian"]
[Black "Bojan"]
[WhiteElo "1940"]
[BlackElo "1910"]
[Result "1-0"]
[Round "1"]
1.e4 e5
2.Ng1f3 d6
3.d4 exd4
4.Nf3xd4 g6
5.Nb1c3 Bf8g7
6.Bc1e3 a6
7.Bf1c4 Ng8e7
8.O-O h6
9.Qd1f3 Nb8c6
10.Qf3xf7 Kd7
11.Bc4e6 { resign }
1-0

[Event "Tourn. n7960"]
[Site "www.chess-mail.com"]
[Date "2015.01.01"]
[Round "1"]
[White "Krasin"]
[Black "Tenzinnima"]
[WhiteElo "2190"]
[BlackElo "2180"]
[Result "0-1"]
[Round "1"]
1.e4 c5
2.c3 g6
3.d4 cxd4
4.cxd4 Bf8g7
5.Nb1c3 d6
6.f4 Ng8f6
7.Ng1f3 O-O
8.e5 dxe5
9.fxe5 Nf6d5
10.h4 Bc8g4
11.h5 Nb8c6
12.hxg6 hxg6
13.Bf1c4 e6
14.Bc4xd5 exd5
15.Bc1e3 Nc6e7
16.Qd1d2 Ne7f5
17.Be3f2 Bg4h5
18.Qd2f4 Bg7h6
19.Qf4h2 Ra8c8
20.Nf3h4 Qd8g5
21.Nh4xf5 Qg5xf5
22.O-O Qf5e6
23.Kh1 f6
24.Ra1e1 Bh6d2
25.exf6 Bd2xe1
26.Rf1xe1 Qe6xf6
27.Nc3xd5 Qf6xf2
{ resign }
0-1